Sports Quiz

Random Sports or NHL Quiz
Score 0/65 Timer 08:00
0 Plays Today
Year of Conference Finals Goalie Name % Correct
1986 Conference FinalsPatrick Roy
98.2%
1987 Conference FinalsPatrick Roy
98.2%
1989 Conference FinalsPatrick Roy
98.2%
1984 Conference FinalsGrant Fuhr
97.1%
1985 Conference FinalsGrant Fuhr
97.1%
1987 Conference FinalsGrant Fuhr
97.1%
1988 Conference FinalsGrant Fuhr
97.1%
1980 Conference FinalsBilly Smith
96.5%
1981 Conference FinalsBilly Smith
96.5%
1982 Conference FinalsBilly Smith
96.5%
1983 Conference FinalsBilly Smith
96.5%
1984 Conference FinalsBilly Smith
96.5%
1986 Conference FinalsMike Vernon
95.9%
1989 Conference FinalsMike Vernon
95.9%
1983 Conference FinalsAndy Moog
92.9%
1984 Conference FinalsAndy Moog
92.9%
1985 Conference FinalsAndy Moog
92.9%
1987 Conference FinalsRon Hextall
92.9%
1988 Conference FinalsAndy Moog
92.9%
1989 Conference FinalsRon Hextall
92.9%
1985 Conference FinalsPelle Lindbergh
87.6%
1986 Conference FinalsJohn Vanbiesbrouck
86.5%
1980 Conference FinalsPete Peeters
81.2%
1983 Conference FinalsPete Peeters
81.2%
1982 Conference FinalsRichard Brodeur
78.8%
1980 Conference FinalsGlenn 'Chico' Resch
72.9%
1987 Conference FinalsGlenn 'Chico' Resch
72.9%
1980 Conference FinalsDon Edwards
71.2%
1980 Conference FinalsGary Edwards
71.2%
1982 Conference FinalsTony Esposito
70.6%
1983 Conference FinalsTony Esposito
70.6%
1981 Conference FinalsReggie Lemelin
65.9%
1988 Conference FinalsReggie Lemelin
65.9%
Year of Conference Finals Goalie Name % Correct
1988 Conference FinalsSean Burke
65.3%
1981 Conference FinalsDon Beaupre
64.1%
1984 Conference FinalsDon Beaupre
63.5%
1982 Conference FinalsMurray Bannerman
62.9%
1983 Conference FinalsMurray Bannerman
62.9%
1985 Conference FinalsMurray Bannerman
62.9%
1986 Conference FinalsGlen Hanlon
57.1%
1987 Conference FinalsGlen Hanlon
57.1%
1988 Conference FinalsGlen Hanlon
57.1%
1980 Conference FinalsBob Sauve
55.3%
1980 Conference FinalsGilles Meloche
54.7%
1981 Conference FinalsGilles Meloche
54.7%
1983 Conference FinalsRoland Melanson
54.7%
1984 Conference FinalsRoland Melanson
54.7%
1984 Conference FinalsGilles Meloche
54.7%
1988 Conference FinalsBob Sauve
54.7%
1982 Conference FinalsDan Bouchard
51.2%
1984 Conference FinalsRick Wamsley
51.2%
1986 Conference FinalsRick Wamsley
50.6%
1987 Conference FinalsBrian Hayward
47.1%
1986 Conference FinalsGreg Millen
46.5%
1984 Conference FinalsSteve Penney
45.9%
1989 Conference FinalsDarren Pang
45.9%
1981 Conference FinalsPat Riggin
41.8%
1987 Conference FinalsGreg Stefan
41.2%
1988 Conference FinalsGreg Stefan
41.2%
1989 Conference FinalsKen Wregget
37.1%
1985 Conference FinalsMario Gosselin
35.3%
1980 Conference FinalsPhil Myre
25.3%
1989 Conference FinalsAlain Chevrier
24.1%
1981 Conference FinalsSteve Baker
15.3%
1985 Conference FinalsWarren Skorodenski
9.4%
Remove Ads.
Support Sporcle.
Get the best of Sporcle when you Go Orange. This ad-free experience offers more features, more stats, and more fun while also helping to support Sporcle. Thank you for becoming a member.

You're not logged in!

Compare scores with friends on all Sporcle quizzes.
OR
Log In

Show Comments

Extras

Created Feb 24, 2018ReportNominate
Tags:NHL Quiz, 1980, Conference, final, goal, goalie, team

Top Quizzes Today


Score Distribution

Your Account Isn't Verified!

In order to create a playlist on Sporcle, you need to verify the email address you used during registration. Go to your Sporcle Settings to finish the process.

Report this User

Report this user for behavior that violates our Community Guidelines.

Details: